แสดงรายละเอียดบรรณานุกรม
  กลับหน้าหลัก

Brief Record : Get Marc (ISO 2709) : E-mail record : QR code ปิดหน้าต่าง
E-books : เกี่ยวกับ Collections
LEADER 00000nam 2200000uu 4500
008    121107s2012||||th 000 0 tha d
020    ^a9781259011443
040    ^absc
041 0  ^aeng
060 04 ^aWL300^bM381n 2012
100 1  ^aMartin, John H.
245 10 ^aNeuroanatomy :^btext and atlas /^cJohn H. Martin ; medicalphotography by Howard J. Radzyner ; illustrated by MichaelE. Leonard
250    ^a4th ed
260    ^aNew York :^bMcGraw-Hill Medical,^cc2012
300    ^axvi, 544 p. :^bill. (some col.) ;^c28 cm.
504    ^aIncludes bibliographical references and index
650  2 ^aCentral Nervous System^xanatomy & histology
650  2 ^aCentral Nervous System^xanatomy & histology^vAtl
999    ^aใช้งานได้ทุกระบบ
รายการนี้ยังไม่มีแท็ก
คุณยังไม่ได้ล็อกอิน คุณสามารถมีกิจกรรมร่วมกับเว็บไซต์ได้ แต่ต้องล็อกอินก่อน ::
  ล็อกอิน
ลำดับที่ ประเภท เลขเรียก สถานที่ สถานะ
1. หนังสือทั่วไป
หนังสือทั่วไป
WL300 M381n 2012  
  
หนังสือภาษาอังกฤษ On Shelf
  ขอยืม
Note:ปีงบประมาณ 2555
   [แสดง 1/1 รายการ]

BibComment


ยังไม่เคยถูกคอมเมนท์

คอมเมนท์ทรัพยากรรายการนี้
  คอมเมนท์: Neuroanatomy te..
Bib 208531

 
 
 

 Union Library Management : ULibM
Copyright 2026. All Rights Reserved.
скачать бесплатно без регистрации порно красивый секс HD Sex Hindi sex

xxx gou

xxxx

bfxxx

xxxwww

Секса Видео

xxxx

Секса Видео

detube

geilexxx

C99 Shell

worms shell

blod xxx video
Ebony Coed Rihanna Rimes Takes A Dick In Her Young Twat priyaa indian fuck anal and pusssy hardcore indian women xxx desi hardcore fucking part 1 bengalixxxcouple